| 000 | 00493nam a22001457a 4500 | ||
|---|---|---|---|
| 999 |
_c15967 _d15967 |
||
| 008 | 210202b ||||| |||| 00| 0 eng d | ||
| 022 | _a0732-8435 | ||
| 082 | _aDPer 657.05 C33 Feb - Aug 2012, v. 82 | ||
| 100 |
_aRamanna, Karthik. _942840 |
||
| 245 |
_aThe Question of IFRS adoption: _ba very long engagement/ _cKarthik Ramanna. |
||
| 260 |
_aNew York: _bThe New York State Society of CPA, _c©2012. |
||
| 300 |
_av82 n4, page 11: _c28 cm. |
||
| 650 |
_aAccounting. _942841 |
||
| 942 |
_2ddc _cPER |
||